<?xml version="1.0" encoding="UTF-8"?>
<collection xmlns="http://www.loc.gov/MARC21/slim">
 <record>
  <leader>01568nam a2200325   4500</leader>
  <controlfield tag="001">DLU130146595</controlfield>
  <controlfield tag="005">##20130329</controlfield>
  <datafield tag="040" ind1="#" ind2="#">
   <subfield code="a">DLU</subfield>
   <subfield code="b">vie</subfield>
  </datafield>
  <datafield tag="041" ind1="#" ind2="#">
   <subfield code="a">vie</subfield>
  </datafield>
  <datafield tag="044" ind1="#" ind2="#">
   <subfield code="a">vn</subfield>
  </datafield>
  <datafield tag="082" ind1="#" ind2="#">
   <subfield code="a">006.68</subfield>
   <subfield code="b">KH-H</subfield>
  </datafield>
  <datafield tag="100" ind1="#" ind2="#">
   <subfield code="a">Khải Hoàn,</subfield>
   <subfield code="c">ThS.</subfield>
  </datafield>
  <datafield tag="245" ind1="#" ind2="#">
   <subfield code="a">Hướng dẫn thực hành Adobe Illustrator CS6 :</subfield>
   <subfield code="b">Chỉ dẫn bằng hình - Học 1 biết 10 : Chuyên dùng cho việc vẽ hình minh hoạ; Gồm 10 bài học đơn giản và dễ hiểu; Bố cục chặt chẽ, hưỡng dẫn cụ thể kèm theo hình ảnh minh hoạ /</subfield>
   <subfield code="c">Khải Hoàn.</subfield>
  </datafield>
  <datafield tag="260" ind1="#" ind2="#">
   <subfield code="a">H. :</subfield>
   <subfield code="b">Giao thông Vận tải,</subfield>
   <subfield code="c">2011.</subfield>
  </datafield>
  <datafield tag="300" ind1="#" ind2="#">
   <subfield code="a">416 tr. :</subfield>
   <subfield code="b">minh hoạ ;</subfield>
   <subfield code="c">24 cm.</subfield>
  </datafield>
  <datafield tag="490" ind1="#" ind2="#">
   <subfield code="a">Tủ sách giỏi một nghề - Hưởng trọn đời.</subfield>
  </datafield>
  <datafield tag="505" ind1="#" ind2="#">
   <subfield code="a">Bài 1. Tìm hiểu vùng làm viếc Adobe Illustrator CS6 -- Bài 2. Sử dụng công cụ chọn và canh chỉnh -- Bài 3. Tạo và biên tấp các hình dạng -- Bài 4. Biến đổi các đối tượng -- Bài 5. Vẽ bàng các công cụ Pen và pencil -- Bài 6. Kỹ thuật màu và tô -- Bài 7. Làm việc với Type -- Bài 8. Làm việc với các Layer -- Bài 9. Phối cảnh bản vẽ trong Illustrator CS6 -- Bài 10. Hoà trọn các màu và hình dạng.</subfield>
  </datafield>
  <datafield tag="650" ind1="#" ind2="#">
   <subfield code="a">Đồ hoạ vi tính.</subfield>
  </datafield>
  <datafield tag="650" ind1="#" ind2="#">
   <subfield code="a">Adobe Illustrator (Tệp máy tính).</subfield>
  </datafield>
  <datafield tag="923" ind1="#" ind2="#">
   <subfield code="a">08/2012</subfield>
  </datafield>
  <datafield tag="991" ind1="#" ind2="#">
   <subfield code="a">GT</subfield>
  </datafield>
  <datafield tag="992" ind1="#" ind2="#">
   <subfield code="a">97000</subfield>
  </datafield>
  <datafield tag="994" ind1="#" ind2="#">
   <subfield code="a">DLU</subfield>
  </datafield>
  <datafield tag="900" ind1="#" ind2="#">
   <subfield code="a">True</subfield>
  </datafield>
  <datafield tag="911" ind1="#" ind2="#">
   <subfield code="a">Đào Thị Thu Huyền</subfield>
  </datafield>
  <datafield tag="925" ind1="#" ind2="#">
   <subfield code="a">G</subfield>
  </datafield>
  <datafield tag="926" ind1="#" ind2="#">
   <subfield code="a">A</subfield>
  </datafield>
  <datafield tag="927" ind1="#" ind2="#">
   <subfield code="a">SH</subfield>
  </datafield>
  <datafield tag="980" ind1="#" ind2="#">
   <subfield code="a">Thư viện Trường Đại học Đà Lạt</subfield>
  </datafield>
 </record>
</collection>
